000 00401nam a2200181Ia 4500
005 20240823061952.0
008 240823s9999||||xx |||||||||||||| ||und||
041 _aTAMIL
082 _A973.711 Q8
100 _aBhaskaran Krishnamoorthi
245 0 _aNaattukkoru Paattu
250 _a1st
260 _c2018
_bThe
500 _aYES
650 _aTamil
_bGeneral
942 _cBK
999 _c234782
_d234782